Multifunkčný interiérový prvok
Uložené v:
| Hlavný autor: | |
|---|---|
| Ďalší autori: | |
| Médium: | Rukopis Kniha |
| Jazyk: | Slovak |
| Vydavateľské údaje: |
Bratislava
2017
|
| Predmet: | |
| On-line prístup: | http://is.stuba.sk/zp/portal_zp.pl?podrobnosti=133749 |
| Tagy: |
Žiadne tagy, Buďte prvý, kto otaguje tento záznam!
|
MARC
| LEADER | 00000ntm a22000003a 4500 | ||
|---|---|---|---|
| 001 | stuzp65398 | ||
| 003 | SK-STU | ||
| 005 | 20210208122032.9 | ||
| 007 | ta | ||
| 008 | 150427s2015----xo-----f-mn---000-0-slo-d | ||
| 040 | |a STU |b slo | ||
| 041 | 0 | |a slo | |
| 100 | 1 | |a Sádecký, Andrej |u 059190 |4 aut |U FAD Fakulta architektúry |T FA Ústav dizajnu |X 6376 |U A9190 |Y 400 |7 6376 | |
| 242 | 0 | 1 | |a Multifunctional interior element |y eng |
| 245 | 1 | 0 | |a Multifunkčný interiérový prvok |
| 260 | |c 2017 |a Bratislava | ||
| 650 | 4 | |a šatník |2 slo | |
| 650 | 4 | |a interiér |2 slo | |
| 650 | 4 | |a vôňa |2 slo | |
| 650 | 4 | |a nábytok |2 slo | |
| 650 | 4 | |a skleník |2 slo | |
| 650 | 4 | |a funkcia |2 slo | |
| 650 | 4 | |a interior |2 eng | |
| 650 | 4 | |a fragrance |2 eng | |
| 650 | 4 | |a furniture |2 eng | |
| 650 | 4 | |a wardrobe |2 eng | |
| 650 | 4 | |a glasshouse |2 eng | |
| 650 | 4 | |a function |2 eng | |
| 700 | 1 | |a Lipková, Michala |u 059190 |k Z1 |4 ths |U FAD Fakulta architektúry |T FA Ústav dizajnu |X 15371 |U A9190 |Y 400 |7 A000015371 | |
| 856 | 4 | |u http://is.stuba.sk/zp/portal_zp.pl?podrobnosti=133749 |u https://opac.crzp.sk/?fn=detailBiblioForm&sid=85D30AFD358849054C94B24E20A9 | |